<Der> Zeitfaktor in der Einkommensbesteuerunf <Ein> Beitrag zum rechnung und wirtschaftswissenschaftliche Begriff der Zeit

Salvato in:
Dettagli Bibliografici
Autore principale: Birtel, Thomas
Natura: Libro
Lingua:tedesco
Pubblicazione: Bochum Ruhr-Universität 1982
Tags: Aggiungi Tag
Nessun Tag, puoi essere il primo ad aggiungerne!!

MARC

LEADER 00000nam a2200000 4500
001 c116803
005 20140320095343.1
041 0 |a ger 
044 |a DE 
245 1 0 |a <Der> Zeitfaktor in der Einkommensbesteuerunf  |b <Ein> Beitrag zum rechnung und wirtschaftswissenschaftliche Begriff der Zeit  |c Thomas Birtel 
264 1 |a Bochum  |b Ruhr-Universität  |c 1982 
300 |a 525 s. 
100 1 |a Birtel, Thomas